| 000 | 02367cam a2200409 i 4500 | ||
|---|---|---|---|
| 999 |
_c2375 _d2375 |
||
| 001 | 18953882 | ||
| 003 | GZU | ||
| 005 | 20201029100701.0 | ||
| 008 | 160129s2015 sa b 001 0 eng d | ||
| 010 | _a 2015494876 | ||
| 020 | _a9781919895895 | ||
| 035 | _a(OCoLC)ocn921930955 | ||
| 040 |
_aOI@ _beng _cOI@ _erda _dOI@ _dZ@L _dWAU _dBTCTA _dOCLCF _dBDX _dYDXCP _dOCL _dDLC |
||
| 042 | _alccopycat | ||
| 043 | _af-sa--- | ||
| 050 | 0 | 0 |
_aHV6569 _bS69 2015 |
| 100 | 1 |
_aSmythe, Dee, _eauthor. |
|
| 245 | 1 | 0 |
_aRape unresolved : _bpolicing sexual offences in South Africa / _cDee Smythe. |
| 264 | 1 |
_aCape Town, South Africa : _bUCT Press, _c2015. |
|
| 300 |
_ax, 316 pages ; _c23 cm |
||
| 336 |
_atext _btxt _2rdacontent |
||
| 337 |
_aunmediated _bn _2rdamedia |
||
| 338 |
_avolume _bnc _2rdacarrier |
||
| 504 | _aIncludes bibliographical references (pages 266-300) and index. | ||
| 505 | 0 | _aCHAPTER 1. Charges dropped : an introduction to attrition in South Africa -- CHAPTER 2. Paper rich : rape in South African law and practice -- CHAPTER 3. The South African Police Service and the communities they police -- CHAPTER 4. A sketch of the cases -- CHAPTER 5. Recalcitrant victims -- CHAPTER 6. Complainant withdrawals -- CHAPTER 7. False complaints -- CHAPTER 8. Refractory systems -- CHAPTER 9. Taking responsibility/apportioning blame. | |
| 520 | _a"Of the approximately 50,000 rape cases reported in South Africa every year, only between 4% and 8% end in conviction. To understand the criminal justice system's s failure to adequately deal with sexual violence, one needs to start with the police. This book tells the story of some of the cases reported to the South African Police Service and how they were dealt with." -- Publisher's description: https://books.google.co.za/books/about/Rape_Unresolved.html?id=TLaKrgEACAAJ&redir_esc=y | ||
| 650 | 0 |
_aRape _zSouth Africa _vCase studies. |
|
| 650 | 0 |
_aPolice discretion _zSouth Africa. |
|
| 650 | 0 |
_aSexual abuse victims _zSouth Africa. |
|
| 650 | 0 |
_aRape _xLaw and legislation _zSouth Africa. |
|
| 650 | 0 |
_aCriminal law _zSouth Africa. |
|
| 650 | 0 |
_aCriminal justice, Administration of _zSouth Africa. |
|
| 650 | 0 |
_aPolice _zSouth Africa. |
|
| 906 |
_a7 _bcbc _ccopycat _d3 _encip _f20 _gy-gencatlg |
||
| 942 |
_2lcc _cBK _h6569 _iSMY _kHV _m32015 |
||